003740000a2200073000450024501750000004100140017510000240018977300870021310aComportamiento copulatorio y del sistema copulatorio de Oncideres gutturator (Fabricius 1775) (Coleoptera: Cerambycidae, Lamiinae) en los Llanos Occidentales de Venezuela0 aEspañol1 aMarrero, Críspulo1 tBoletín del Museo de Entomología de la Universidad del Valleh1q1-12d1997g5